Estatísticas para Moeda - Continente - Ásia

Clique aqui para jogar o quiz

Estatísticas Gerais

  • Esse quiz foi jogado 21 vezes
  • A pontuação média é 9 de 34

Estatísticas das Respostas

PaisCod. | FracaoMoeda% Correto
JapaoJPY | SenIene
80%
Timor LesteUSD | CentimoDolar
70%
SingapuraBND / SGD | CentimoDolar Borneu / Singapura
70%
BorneuBND / SGD | CentimoDolar Borneu / Singapura
70%
RussiaRUB | CopequeRublo
70%
IndonesiaIDR | CentimoRupia
55%
PaquistaoPKR | PaisaRupia
55%
IndiaINR | PaisaRupia
55%
Sri LankaLKR | CentimoRupia
55%
MaldivasMVR | LaariRupia
55%
NepalNPR | PaisaRupia
55%
Coreia do SulKRW | JeonWon
45%
Coreia do NorteKPW | ChonWon
45%
FilipinasPHP | CentavoPeso
25%
BangladeshBDT | PaisaTaka
10%
AfeganistaoAFN | PulAfegane
5%
VietnameVND | HaoDongue
5%
ArmeniaAMD | LumaDram
5%
ChinaCNY | FenIuane
5%
MyanmarMMK | PyaKyat
5%
GeorgiaGEL | TetriLari
5%
TurquemenistaoTMT | TennesiManat
5%
AzerbaijaoAZN | QepikManat
5%
ButaoBTN / INR | Chentrum / PaisaNgultrum / Rupia
5%
CambodjaKHR / USD | CentimoRiel / Dolar
5%
MalasiaMYR | CentimoRinguite
5%
UsbequistaoUZS | TiyinSom
5%
QuirguistaoKGS | TyiynSom
5%
TajiquistaoTJS | DirameSomoni
5%
CazaquistaoKZT | TlimTengue
5%
MongoliaMNT | MongoTugrik
5%
TailandiaTHB | SatangBath
0%
LaosLAK | AttKipe Lau
0%
TaiwanTWD | CentimoNovo Dolar
0%

Distribuição das Pontuações

Percentil de Números Respondidos

Porcentagem de Pessoas com Cada Pontuação

Sua Pontuação Histórica

Você não jogou esse quiz